Ranee publications present R. Gupta's NDA exam : (Record no. 135932)

MARC details
000 -LEADER
fixed length control field 00688nam a22002177a 4500
005 - DATE AND TIME OF LATEST TRANSACTION
control field 20170124110252.0
010 ## - LIBRARY OF CONGRESS CONTROL NUMBER
LC control number A-944658
020 ## - INTERNATIONAL STANDARD BOOK NUMBER
Terms of availability 95.00
035 ## - SYSTEM CONTROL NUMBER
System control number A-944658
037 ## - SOURCE OF ACQUISITION
Source of stock number/acquisition Cen Lib/Ret
040 ## - CATALOGING SOURCE
Original cataloging agency DPL
Language of cataloging EN
082 ## - DEWEY DECIMAL CLASSIFICATION NUMBER
Classification number 000
Item number GUP
100 ## - MAIN ENTRY--PERSONAL NAME
Personal name Gupta, R.N.
9 (RLIN) 20026
245 ## - TITLE STATEMENT
Title Ranee publications present R. Gupta's NDA exam :
Remainder of title previous papers upto date /
Statement of responsibility, etc by R.N. Gupta
260 ## - PUBLICATION, DISTRIBUTION, ETC. (IMPRINT)
Place of publication, distribution, etc New Delhi
Name of publisher, distributor, etc Ranee Publications
Date of publication, distribution, etc [s.n.]
270 ## - ADDRESS
City New Delhi
Address 12-H, New Dariyaganj
Postal code 110002
300 ## - PHYSICAL DESCRIPTION
Extent various pagings.
Dimensions 22cm(Hb)
650 ## - SUBJECT ADDED ENTRY--TOPICAL TERM
Topical term or geographic name as entry element National Defence Academy
9 (RLIN) 99438
650 ## - SUBJECT ADDED ENTRY--TOPICAL TERM
Topical term or geographic name as entry element NDA examination book
9 (RLIN) 99439
942 ## - ADDED ENTRY ELEMENTS (KOHA)
Source of classification or shelving scheme Dewey Decimal Classification
Koha item type English Books
Classification part 000
Call number suffix GUP
Holdings
Withdrawn status Lost status Damaged status Not for loan Home library Current library Date acquired Source of acquisition Cost, normal purchase price Total Checkouts Total Renewals Full call number Barcode Date last seen Date checked out Copy number Cost, replacement price Price effective from Koha item type
        Central Library Central Library 09/10/2015 Cen Lib/Ret 95.00 3 2 000 GUP A-944658 03/10/2020 01/09/2020 1 95.00 09/10/2015 English Books

© Delhi Public Library
Hit Counter
free hit counter